[Event "Kampala Sagewood Cup"]
[Site "Kampala"]
[Date "2024.05.19"]
[Round "8"]
[White "Sanya, Derrick Mbabazi"]
[Black "Daahir, Bashir Yusuf"]
[Result "0-1"]
[WhiteElo "1889"]
[BlackElo "1738"]
[PlyCount "64"]
[EventDate "2024.05.16"]
[EventType "swiss"]
[EventRounds "8"]
[EventCountry "UGA"]
[SourceTitle "CBM 220 Extra"]
[Source "ChessBase"]
[SourceDate "2024.07.31"]
[SourceVersion "1"]
[SourceVersionDate "2024.07.31"]
[SourceQuality "1"]

1. e4 c5 2. Nf3 Nc6 3. Bb5 d6 4. Bxc6+ bxc6 5. h3 g6 6. c4 Bg7 7. Qc2 Nf6 8. Nc3 Rb8 9. d3 0-0 10. 0-0 Bd7 11. b3 Qc8 12. Bb2 Nh5 13. Ne2 e5 14. Bc1 f5 15. Ng3 Nf4 16. Rb1 fxe4 17. Nxe4 Bxh3 18. Bxf4 Rxf4 19. Nh2 d5 20. Nxc5 Bf5 21. g3 Rg4 22. Nxg4 Bxg4 23. f3 Bh3 24. Qd2 Bxf1 25. Rxf1 Qh3 26. Qh2 Qf5 27. g4 Qg5 28. Qe2 e4 29. Ne6 exd3 30. Qxd3 Qh4 31. Nxg7 Qg3+ 32. Kh1 Qh3+ 0-1

[Event "Kampala Sagewood Cup"]
[Site "Kampala"]
[Date "2024.05.18"]
[Round "6"]
[White "Daahir, Bashir Yusuf"]
[Black "Kamoga, Rajab"]
[Result "0-1"]
[WhiteElo "1738"]
[BlackElo "2068"]
[PlyCount "42"]
[EventDate "2024.05.16"]
[EventType "swiss"]
[EventRounds "8"]
[EventCountry "UGA"]
[SourceTitle "CBM 220 Extra"]
[Source "ChessBase"]
[SourceDate "2024.07.31"]
[SourceVersion "1"]
[SourceVersionDate "2024.07.31"]
[SourceQuality "1"]

1. e4 c6 2. c4 d5 3. cxd5 cxd5 4. e5 Nc6 5. d4 Qb6 6. Nf3 Bg4 7. Nbd2 e6 8. Qa4 Bb4 9. Bb5 Bf8 10. h3 Bxf3 11. Nxf3 Nge7 12. 0-0 a6 13. Bd3 Ng6 14. Be3 Be7 15. Rab1 0-0 16. Qd1 f5 17. exf6 Bxf6 18. Bxg6 hxg6 19. Ne5 Bxe5 20. dxe5 d4 21. Bg5 Nxe5 0-1

[Event "Kampala Sagewood Cup"]
[Site "Kampala"]
[Date "2024.05.17"]
[Round "3"]
[White "Daahir, Bashir Yusuf"]
[Black "Rugunda, Madiba"]
[Result "1-0"]
[WhiteElo "1738"]
[BlackElo "1500"]
[PlyCount "46"]
[EventDate "2024.05.16"]
[EventType "swiss"]
[EventRounds "8"]
[EventCountry "UGA"]
[SourceTitle "CBM 220 Extra"]
[Source "ChessBase"]
[SourceDate "2024.07.31"]
[SourceVersion "1"]
[SourceVersionDate "2024.07.31"]
[SourceQuality "1"]

1. e4 e5 2. Nf3 Nc6 3. Bc4 Nf6 4. Nc3 Bb4 5. d3 d5 6. exd5 Nxd5 7. Bd2 Bxc3 8. bxc3 Bg4 9. 0-0 a6 10. Qe2 0-0 11. Qe4 Nf6 12. Qe3 Re8 13. Ng5 Re7 14. Ne4 Nxe4 15. Qxe4 Bh5 16. Bg5 Bg6 17. Qh4 Qd6 18. Bxe7 Qxe7 19. Qg3 b5 20. Bb3 Qd6 21. Qf3 e4 22. dxe4 Ne5 23. Qe2 c6 1-0

[Event "Kampala Sagewood Cup"]
[Site "Kampala"]
[Date "2024.05.17"]
[Round "4"]
[White "Tumusiime, Francis"]
[Black "Daahir, Bashir Yusuf"]
[Result "0-1"]
[WhiteElo "1443"]
[BlackElo "1738"]
[PlyCount "96"]
[EventDate "2024.05.16"]
[EventType "swiss"]
[EventRounds "8"]
[EventCountry "UGA"]
[SourceTitle "CBM 220 Extra"]
[Source "ChessBase"]
[SourceDate "2024.07.31"]
[SourceVersion "1"]
[SourceVersionDate "2024.07.31"]
[SourceQuality "1"]

1. e4 c5 2. Nf3 d6 3. Nc3 Nf6 4. d3 Nc6 5. Be3 g6 6. Be2 Bg7 7. h3 a6 8. a3 e5 9. Nd5 Nxd5 10. exd5 Ne7 11. c4 b5 12. Qd2 Rb8 13. Rb1 bxc4 14. dxc4 Bf5 15. 0-0 Bxb1 16. Rxb1 Nf5 17. b4 Nxe3 18. Qxe3 0-0 19. Bd3 cxb4 20. axb4 Qc7 21. c5 dxc5 22. Qxc5 Rfc8 23. Qxc7 Rxc7 24. Bxa6 Ra7 25. Bc4 Ra4 26. d6 Raxb4 27. Rxb4 Rxb4 28. d7 Rb1+ 29. Kh2 Bf6 30. Nd2 Rd1 31. Ne4 Bd8 32. Bb5 Rd4 33. f3 Kf8 34. Nf2 Ke7 35. Ng4 f6 36. Kg3 Bc7 37. Kf2 h5 38. Ne3 Kd6 39. g4 hxg4 40. Nxg4 Kc5 41. Be2 f5 42. Nf6 Bd8 43. Nh7 Be7 44. Ke3 f4+ 45. Kf2 Rxd7 46. Kg2 Rd8 47. Ba6 Rh8 48. Bd3 Rxh7 0-1

[Event "Kampala Sagewood Cup"]
[Site "Kampala"]
[Date "2024.05.16"]
[Round "2"]
[White "Nsubuga, Haruna"]
[Black "Daahir, Bashir Yusuf"]
[Result "1-0"]
[WhiteElo "2190"]
[BlackElo "1738"]
[PlyCount "65"]
[EventDate "2024.05.16"]
[EventType "swiss"]
[EventRounds "8"]
[EventCountry "UGA"]
[SourceTitle "CBM 220 Extra"]
[Source "ChessBase"]
[SourceDate "2024.07.31"]
[SourceVersion "1"]
[SourceVersionDate "2024.07.31"]
[SourceQuality "1"]

1. e4 c5 2. Nf3 Nc6 3. Bb5 g6 4. 0-0 Bg7 5. c3 Nf6 6. e5 Ng4 7. d4 cxd4 8. cxd4 Qb6 9. Nc3 0-0 10. h3 Nh6 11. d5 Nb8 12. Be3 Qa5 13. Bc5 Nf5 14. g4 d6 15. Ba3 Nh6 16. exd6 exd6 17. Bxd6 Bxc3 18. Bxf8 Kxf8 19. Qe2 Bb4 20. Qe8+ Kg7 21. Rac1 Nc6 22. dxc6 Qxb5 23. Ne5 Bd2 24. a4 Qb3 25. Rfd1 Bxg4 26. Qxa8 Bxd1 27. cxb7 Bxc1 28. Nd7 g5 29. b8Q Qxh3 30. Qe5+ Kg6 31. Qc6+ f6 32. Qe8+ Nf7 33. Qxf6+ 1-0

[Event "Kampala Zabasajja Memorial op"]
[Site "Kampala"]
[Date "2024.01.27"]
[Round "5"]
[White "Daahir, Bashir Yusuf"]
[Black "Emojong, Elijah"]
[Result "0-1"]
[WhiteElo "1575"]
[BlackElo "2027"]
[PlyCount "41"]
[EventDate "2024.01.25"]
[EventType "swiss"]
[EventRounds "8"]
[EventCountry "UGA"]
[SourceTitle "EXT 2025"]
[Source "ChessBase"]
[SourceDate "2024.10.14"]
[SourceVersion "1"]
[SourceVersionDate "2024.10.14"]
[SourceQuality "1"]

1. d4 Nf6 2. c4 e6 3. Nf3 b6 4. Nc3 Bb7 5. e3 d5 6. Be2 Bd6 7. Nb5 Be7 8. 0-0 dxc4 9. Bxc4 0-0 10. Nc3 c5 11. b3 cxd4 12. Nxd4 Nbd7 13. Bd2 Qb8 14. h3 Rd8 15. Qe1 a6 16. a4 Bb4 17. f4 Ne4 18. Rc1 Ndf6 19. Qh4 Nd7 20. Rfd1 Nxc3 21. Bxc3 0-1

[Event "Kampala Kireka op"]
[Site "Kampala"]
[Date "2023.12.28"]
[Round "1"]
[White "Daahir, Bashir Yusuf"]
[Black "Mugisha, Ivan Jalagatha"]
[Result "1-0"]
[WhiteElo "1547"]
[BlackElo "1853"]
[PlyCount "77"]
[EventDate "2023.12.28"]
[EventType "swiss"]
[EventRounds "8"]
[EventCountry "UGA"]
[SourceTitle "EXT 2025"]
[Source "ChessBase"]
[SourceDate "2024.10.14"]
[SourceVersion "1"]
[SourceVersionDate "2024.10.14"]
[SourceQuality "1"]

1. d4 Nf6 2. c4 g6 3. Nc3 Bg7 4. e4 d6 5. Nf3 0-0 6. Bd3 Bg4 7. h3 Bxf3 8. Qxf3 Nbd7 9. 0-0 c5 10. Qe3 cxd4 11. Qxd4 Nc5 12. Qe3 Nxd3 13. Qxd3 Rc8 14. Be3 b6 15. Rac1 Nd7 16. b3 Nc5 17. Qb1 Re8 18. Bg5 Qd7 19. Nd5 Qb7 20. b4 Na4 21. Qb3 b5 22. cxb5 Nb6 23. Rxc8 Nxc8 24. Qe3 Qxb5 25. Nc7 Qd7 26. Nxe8 Qxe8 27. Rc1 Nb6 28. Qd3 h6 29. Be3 Qa4 30. a3 Bb2 31. Rb1 Bg7 32. Qb3 Qb5 33. Rc1 e6 34. Rc7 d5 35. exd5 Qe2 36. dxe6 fxe6 37. Qxe6+ Kh8 38. Qe8+ Kh7 39. Rxg7+ 1-0

[Event "UGA-chT 2324"]
[Site "Kampala"]
[Date "2023.09.24"]
[Round "8.3"]
[White "Daahir, Bashir Yusuf"]
[Black "Kiyaga, Samuel"]
[Result "0-1"]
[WhiteElo "1570"]
[BlackElo "1801"]
[PlyCount "33"]
[EventDate "2023.07.16"]
[EventType "team-swiss"]
[EventRounds "14"]
[EventCountry "UGA"]
[SourceTitle "EXT 2025"]
[Source "ChessBase"]
[SourceDate "2024.10.14"]
[SourceVersion "1"]
[SourceVersionDate "2024.10.14"]
[SourceQuality "1"]
[WhiteTeam "Mogadishu CC"]
[BlackTeam "SOM Katwe"]
[WhiteTeamCountry "UGA"]
[BlackTeamCountry "UGA"]

1. d4 e6 2. c4 d5 3. Nf3 c5 4. e3 Nf6 5. Be2 cxd4 6. Nxd4 Bb4+ 7. Nc3 Bxc3+ 8. bxc3 0-0 9. 0-0 e5 10. Nf3 Nc6 11. cxd5 Qxd5 12. Qc2 Bg4 13. Rd1 Qc5 14. h3 Bh5 15. Qb3 g5 16. g4 Rfd8 17. Ba3 0-1

[Event "UGA-chT 2324"]
[Site "Kampala"]
[Date "2023.09.10"]
[Round "7.4"]
[White "Daahir, Bashir Yusuf"]
[Black "Were, Samuel"]
[Result "1-0"]
[WhiteElo "1570"]
[BlackElo "1696"]
[PlyCount "20"]
[EventDate "2023.07.16"]
[EventType "team-swiss"]
[EventRounds "14"]
[EventCountry "UGA"]
[SourceTitle "EXT 2025"]
[Source "ChessBase"]
[SourceDate "2024.10.14"]
[SourceVersion "1"]
[SourceVersionDate "2024.10.14"]
[SourceQuality "1"]
[WhiteTeam "Mogadishu CC"]
[BlackTeam "Kireka Salty CC"]
[WhiteTeamCountry "UGA"]
[BlackTeamCountry "UGA"]

1. d4 Nf6 2. c4 d6 3. Nc3 g6 4. e4 Bg7 5. f4 c5 6. d5 0-0 7. Nf3 e6 8. Be3 exd5 9. Nxd5 Nxd5 10. exd5 Re8 1-0

[Event "Kampala Zabasajja Memorial op"]
[Site "Kampala"]
[Date "2022.02.01"]
[Round "6"]
[White "Kalule, Caxton"]
[Black "Daahir, Bashir Yusuf"]
[Result "1-0"]
[WhiteElo "1880"]
[BlackElo "1573"]
[PlyCount "59"]
[EventDate "2022.01.30"]
[EventType "swiss"]
[EventRounds "8"]
[EventCountry "UGA"]
[SourceTitle "EXT 2023"]
[Source "ChessBase"]
[SourceDate "2022.10.05"]
[SourceVersion "1"]
[SourceVersionDate "2022.10.05"]
[SourceQuality "1"]

1. e4 e5 2. Nf3 Nc6 3. Bb5 d6 4. 0-0 Bd7 5. c3 Nf6 6. Re1 Be7 7. d4 exd4 8. cxd4 0-0 9. Nc3 a6 10. Ba4 b5 11. Bb3 Na5 12. Bc2 Bg4 13. Qd3 Nc6 14. a3 b4 15. Nd5 Bxf3 16. gxf3 bxa3 17. Nxf6+ gxf6 18. bxa3 Kh8 19. Kh1 Rg8 20. Bb2 Qf8 21. f4 Qh6 22. Qf3 Nd8 23. f5 Rb8 24. Bc3 c5 25. dxc5 dxc5 26. e5 Nc6 27. e6 fxe6 28. Rxe6 Ne5 29. Bxe5 fxe5 30. Rxh6 1-0

[Event "UGA-chT 2122"]
[Site "Kampala"]
[Date "2021.12.12"]
[Round "7.2"]
[White "Daahir, Bashir Yusuf"]
[Black "Lubega, Mike"]
[Result "0-1"]
[WhiteElo "1571"]
[BlackElo "1486"]
[PlyCount "40"]
[EventDate "2021.10.24"]
[EventType "team-swiss"]
[EventRounds "14"]
[EventCountry "UGA"]
[SourceTitle "EXT 2023"]
[Source "ChessBase"]
[SourceDate "2022.10.05"]
[SourceVersion "1"]
[SourceVersionDate "2022.10.05"]
[SourceQuality "1"]
[WhiteTeam "Mogadishu CC"]
[BlackTeam "TLC Brilliance"]
[WhiteTeamCountry "UGA"]
[BlackTeamCountry "UGA"]

1. d4 Nf6 2. Nf3 d5 3. c4 c6 4. Nc3 Bf5 5. e3 e6 6. Be2 Bd6 7. 0-0 Nbd7 8. cxd5 exd5 9. b3 0-0 10. Nh4 Be4 11. f3 Bg6 12. Nxg6 fxg6 13. e4 Bb4 14. Na4 dxe4 15. fxe4 Nxe4 16. Qc2 Rxf1+ 17. Bxf1 Ndf6 18. Bg5 Qxd4+ 19. Kh1 Nf2+ 20. Kg1 Nh3+ 0-1

[Event "Kampala Rwabushenyi Memorial"]
[Site "Kampala"]
[Date "2021.12.05"]
[Round "7"]
[White "Daahir, Bashir Yusuf"]
[Black "Tamale, Innocent"]
[Result "1/2-1/2"]
[WhiteElo "1571"]
[BlackElo "1804"]
[PlyCount "168"]
[EventDate "2021.12.02"]
[EventType "swiss"]
[EventRounds "8"]
[EventCountry "UGA"]
[SourceTitle "EXT 2023"]
[Source "ChessBase"]
[SourceDate "2022.10.05"]
[SourceVersion "1"]
[SourceVersionDate "2022.10.05"]
[SourceQuality "1"]

1. e4 c5 2. Nf3 d6 3. d4 cxd4 4. Nxd4 Nf6 5. Nc3 g6 6. Be3 Bg7 7. Qd2 Ng4 8. Bg5 h6 9. Bh4 0-0 10. Nd5 Re8 11. Nb5 Na6 12. f3 Ne5 13. f4 Nc6 14. Nxd6 Bxb2 15. Rb1 Bc3 16. Nxc3 Qxd6 17. Qxd6 exd6 18. Bxa6 bxa6 19. 0-0 Be6 20. Rfd1 Rab8 21. a3 Na5 22. Rxd6 Rbc8 23. Nd5 Bxd5 24. exd5 Rxc2 25. Bf6 Kh7 26. Rd7 g5 27. f5 Kg8 28. Rd8 Kf8 29. Rbb8 Rce2 30. Bg7+ Kxg7 31. Rxe8 Rd2 32. Red8 Kf6 33. Rd7 Nc4 34. Rb3 Ne5 35. Rd6+ Kxf5 36. Rxa6 Rxd5 37. Rxa7 Rd2 38. Rab7 Ra2 39. Ra7 Ke4 40. Re7 f6 41. h3 Kf4 42. Re6 Kf5 43. Ra6 g4 44. hxg4+ Nxg4 45. Rb5+ Kf4 46. Ra4+ Kg3 47. Rb3+ Kh4 48. Rh3+ Kg5 49. Ra5+ f5 50. Rf3 Kg6 51. Raxf5 Ra1+ 52. Rf1 Rxa3 53. R5f3 Ra2 54. g3 Re2 55. Ra1 Ne5 56. Rb3 Kf5 57. Raa3 h5 58. Re3 Rxe3 59. Rxe3 Ng4 60. Re8 Nf6 61. Rf8 Kg5 62. Kg2 Nd5 63. Kf3 Nf6 64. Rc8 Nd7 65. Ke4 Nf6+ 66. Kf3 Nd7 67. Ra8 Ne5+ 68. Ke4 Nd7 69. Rg8+ Kf6 70. Kd5 Nb6+ 71. Ke4 Nd7 72. Rh8 Kg7 73. Ra8 Kf6 74. Ra6+ Kg5 75. Ra5+ Kg4 76. Ra7 Nc5+ 77. Kd5 Nd3 78. Rg7+ Kf3 79. Rg5 Nf2 80. Ke5 Ng4+ 81. Kf5 Kxg3 82. Rxh5 Ne3+ 83. Ke4 Kg4 84. Kxe3 Kxh5 1/2-1/2

[Event "Kampala Rwabushenyi Memorial"]
[Site "Kampala"]
[Date "2021.12.05"]
[Round "8"]
[White "Were, Samuel"]
[Black "Daahir, Bashir Yusuf"]
[Result "1-0"]
[WhiteElo "1837"]
[BlackElo "1571"]
[PlyCount "55"]
[EventDate "2021.12.02"]
[EventType "swiss"]
[EventRounds "8"]
[EventCountry "UGA"]
[SourceTitle "EXT 2023"]
[Source "ChessBase"]
[SourceDate "2022.10.05"]
[SourceVersion "1"]
[SourceVersionDate "2022.10.05"]
[SourceQuality "1"]

1. e4 e5 2. Nf3 Nc6 3. d4 exd4 4. Bc4 Be7 5. c3 Na5 6. Bd3 dxc3 7. Nxc3 d6 8. 0-0 Nf6 9. Nd4 0-0 10. f4 c5 11. Nde2 Nc6 12. Qe1 Qb6 13. Kh1 Qc7 14. Qg3 a6 15. f5 Ne5 16. Bc2 Nh5 17. Qh3 g6 18. Nd5 Qd8 19. Nxe7+ Qxe7 20. Nc3 b5 21. Nd5 Qd8 22. Bh6 Re8 23. g4 Ng7 24. fxg6 fxg6 25. Nf6+ Kf8 26. Bg5 Bxg4 27. Qxh7 Kf7 28. Ng8+ 1-0

[Event "Kampala op"]
[Site "Kampala"]
[Date "2020.03.06"]
[Round "2"]
[White "Sanya, Derrick Mbabazi"]
[Black "Daahir, Bashir Yusuf"]
[Result "1-0"]
[WhiteElo "1835"]
[BlackElo "1524"]
[PlyCount "55"]
[EventDate "2020.03.06"]
[EventType "swiss"]
[EventRounds "7"]
[EventCountry "UGA"]
[SourceTitle "CBM 195 Extra"]
[Source "ChessBase"]
[SourceDate "2020.05.31"]
[SourceVersion "1"]
[SourceVersionDate "2020.05.31"]
[SourceQuality "1"]

1. d4 d5 2. c4 c6 3. Nc3 e6 4. e4 dxe4 5. Nxe4 Bb4+ 6. Nc3 Nf6 7. Nf3 0-0 8. Qc2 Nbd7 9. Bd3 Re8 10. 0-0 Nf8 11. a3 Ba5 12. Bg5 Bc7 13. Rad1 Ng6 14. d5 cxd5 15. cxd5 e5 16. d6 Bb6 17. Bxf6 Qxf6 18. Bxg6 Bd7 19. Bxh7+ Kh8 20. Nd5 Qh6 21. Bf5 Bc6 22. d7 Red8 23. Nxe5 Bxd5 24. Rxd5 Qf6 25. Qd3 g6 26. Bh3 Bc7 27. Ng4 Qh4 28. Qc3+ 1-0

[Event "UGA-chT"]
[Site "Kampala"]
[Date "2019.07.14"]
[Round "1.2"]
[White "Daahir, Bashir Yusuf"]
[Black "Akabo, Mike"]
[Result "0-1"]
[WhiteElo "1534"]
[BlackElo "2019"]
[PlyCount "50"]
[EventDate "2019.07.14"]
[EventType "team-swiss"]
[EventRounds "14"]
[EventCountry "UGA"]
[SourceTitle "CBM 195 Extra"]
[Source "ChessBase"]
[SourceDate "2020.05.31"]
[SourceVersion "1"]
[SourceVersionDate "2020.05.31"]
[SourceQuality "1"]
[WhiteTeam "Mogadishu CC"]
[BlackTeam "Mulago Kings"]
[WhiteTeamCountry "UGA"]
[BlackTeamCountry "UGA"]

1. d4 Nf6 2. c4 e6 3. Nc3 Bb4 4. Bd2 0-0 5. a3 Bxc3 6. Bxc3 b6 7. e3 Bb7 8. Nf3 d6 9. Bd3 Nbd7 10. 0-0 Re8 11. Re1 c5 12. b4 e5 13. dxe5 dxe5 14. e4 Qc7 15. b5 Rad8 16. Qe2 Nf8 17. Rad1 Ng6 18. g3 Bc8 19. Bc2 Bg4 20. Rxd8 Rxd8 21. Qe3 h6 22. Nd2 Nh7 23. h4 Nhf8 24. Nf1 Bc8 25. Nh2 Ne6 0-1

[Event "Nairobi Capablanca Cup 7th"]
[Site "Nairobi"]
[Date "2017.05.21"]
[Round "5"]
[White "Daahir, Bashir Yusuf"]
[Black "Kagambi, Lawrence"]
[Result "0-1"]
[WhiteElo "1480"]
[BlackElo "1909"]
[PlyCount "50"]
[EventDate "2017.05.20"]
[EventType "swiss"]
[EventRounds "6"]
[EventCountry "KEN"]
[SourceTitle "CBM 178 Extra"]
[Source "ChessBase"]
[SourceDate "2017.06.22"]
[SourceVersion "1"]
[SourceVersionDate "2017.06.22"]
[SourceQuality "1"]

1. d4 Nf6 2. c4 g6 3. Nc3 d5 4. Nf3 Bg7 5. cxd5 Nxd5 6. e4 Nxc3 7. bxc3 c5 8. Be2 0-0 9. Bb2 Qb6 10. Rb1 Qa5 11. a4 cxd4 12. Nxd4 Nc6 13. 0-0 Rd8 14. Nxc6 bxc6 15. Qc2 Qg5 16. Rbd1 Bh3 17. Bf3 Be6 18. Rfe1 Rab8 19. g3 Rxd1 20. Bxd1 Qa5 21. Qc1 Rxb2 22. Qxb2 Bxc3 23. Qb8+ Kg7 24. Re3 Bd4 25. Rd3 Qe1+ 0-1

[Event "Nairobi Capablanca Cup 7th"]
[Site "Nairobi"]
[Date "2017.05.21"]
[Round "4"]
[White "Daahir, Bashir Yusuf"]
[Black "Young, Collins1"]
[Result "1-0"]
[WhiteElo "1480"]
[BlackElo "1818"]
[PlyCount "55"]
[EventDate "2017.05.20"]
[EventType "swiss"]
[EventRounds "6"]
[EventCountry "KEN"]
[SourceTitle "CBM 178 Extra"]
[Source "ChessBase"]
[SourceDate "2017.06.22"]
[SourceVersion "1"]
[SourceVersionDate "2017.06.22"]
[SourceQuality "1"]

1. d4 d5 2. c4 c6 3. Nc3 Nf6 4. Nf3 h6 5. e3 e6 6. cxd5 exd5 7. Bd3 Bd6 8. e4 Nxe4 9. Nxe4 dxe4 10. Bxe4 0-0 11. 0-0 Re8 12. Bc2 Nd7 13. b3 Nf6 14. Bb2 Be6 15. Qd3 Bd5 16. Rfe1 Be4 17. Qc3 Bxc2 18. Qxc2 Qc7 19. Qf5 Qd7 20. Qd3 Bb4 21. Ne5 Qd5 22. Re3 Rad8 23. h3 Re7 24. Qf5 Bd2 25. Rg3 Ne4 26. Rg4 Bc3 27. Bxc3 Nxc3 28. Qf6 1-0

[Event "Nairobi Capablanca Cup 7th"]
[Site "Nairobi"]
[Date "2017.05.20"]
[Round "1"]
[White "Methu, Joseph Muraga"]
[Black "Daahir, Bashir Yusuf"]
[Result "1-0"]
[WhiteElo "1903"]
[BlackElo "1480"]
[PlyCount "41"]
[EventDate "2017.05.20"]
[EventType "swiss"]
[EventRounds "6"]
[EventCountry "KEN"]
[SourceTitle "CBM 178 Extra"]
[Source "ChessBase"]
[SourceDate "2017.06.22"]
[SourceVersion "1"]
[SourceVersionDate "2017.06.22"]
[SourceQuality "1"]

1. d4 d6 2. e4 Nf6 3. Nc3 Nbd7 4. Nf3 c5 5. e5 dxe5 6. dxe5 Ng4 7. e6 fxe6 8. Ng5 Ndf6 9. Qxd8+ Kxd8 10. Nf7+ Ke8 11. Nxh8 e5 12. Bd3 e6 13. h3 Nh6 14. g4 e4 15. Nxe4 Nxe4 16. Bxe4 g6 17. Nxg6 hxg6 18. Bxg6+ Ke7 19. Bg5+ Kd7 20. 0-0-0+ Kc7 21. Rd8 1-0